|
|
|
|
| LEADER |
00000naa2a2200000 4500 |
| 001 |
629575 |
| 005 |
20231101133552.0 |
| 035 |
|
|
|a (RuTPU)RU\TPU\conf\30241
|
| 035 |
|
|
|a RU\TPU\conf\30240
|
| 090 |
|
|
|a 629575
|
| 100 |
|
|
|a 20190719d2019 k y0rusy50 ca
|
| 101 |
0 |
|
|a rus
|
| 102 |
|
|
|a RU
|
| 105 |
|
|
|a y z 101zy
|
| 135 |
|
|
|a drcn ---uucaa
|
| 181 |
|
0 |
|a i
|
| 182 |
|
0 |
|a b
|
| 200 |
1 |
|
|a Синтез мономеров для металлорганических каркасных структур из отходов полиэтилентерефталата
|f А. А. Королюк, Д. С. Чумерин, О. В. Семёнов
|g науч. рук. О. В. Семёнов
|
| 203 |
|
|
|a Текст
|c электронный
|
| 225 |
1 |
|
|a Химическая технология полимерных материалов
|
| 230 |
|
|
|a 1 компьютерный файл (pdf; 827 Kb)
|
| 300 |
|
|
|a Заглавие с экрана
|
| 320 |
|
|
|a [Библиогр.: с. 555 (4 назв.)]
|
| 463 |
|
0 |
|0 (RuTPU)RU\TPU\conf\29907
|t Химия и химическая технология в XXI веке
|o материалы XX Международной научно-практической конференции имени профессора Л. П. Кулёва студентов и молодых ученых, 20–23 мая 2019 г., г. Томск
|f Национальный исследовательский Томский политехнический университет
|v [С. 554-555]
|d 2019
|
| 610 |
1 |
|
|a электронный ресурс
|
| 610 |
1 |
|
|a труды учёных ТПУ
|
| 610 |
1 |
|
|a синтез
|
| 610 |
1 |
|
|a мономеры
|
| 610 |
1 |
|
|a металлорганические структуры
|
| 610 |
1 |
|
|a отходы
|
| 610 |
1 |
|
|a полиэтилентерефталат
|
| 610 |
1 |
|
|a гидролиз
|
| 610 |
1 |
|
|a утилизация
|
| 700 |
|
1 |
|a Королюк
|b А. А.
|
| 701 |
|
1 |
|a Чумерин
|b Д. С.
|
| 701 |
|
1 |
|a Семёнов
|b О. В.
|c химик-технолог
|c младший научный сотрудник Томского политехнического университета
|f 1993-
|g Олег Владимирович
|2 stltpush
|3 (RuTPU)RU\TPU\pers\45278
|
| 702 |
|
1 |
|a Семёнов
|b О. В.
|c химик-технолог
|c младший научный сотрудник Томского политехнического университета
|f 1993-
|g Олег Владимирович
|2 stltpush
|3 (RuTPU)RU\TPU\pers\45278
|4 727
|
| 712 |
0 |
2 |
|a Национальный исследовательский Томский политехнический университет (ТПУ)
|c (2009- )
|2 stltpush
|3 (RuTPU)RU\TPU\col\15902
|
| 801 |
|
2 |
|a RU
|b 63413507
|c 20191125
|g RCR
|
| 856 |
4 |
|
|u http://earchive.tpu.ru/handle/11683/55538
|
| 942 |
|
|
|c BK
|